[Event "Copenhagen Ch"]
[Site "Copenhagen"]
[Date "1991.??.??"]
[Round "9"]
[White "Bang, Andreas"]
[Black "Larsen, Steen Skovlund"]
[Result "1/2-1/2"]
[WhiteElo "2340"]
[BlackElo "2295"]
[PlyCount "86"]
[EventDate "1991.??.??"]
[EventType "tourn"]
[EventRounds "9"]
[EventCountry "DEN"]
[EventCategory "3"]

1. Nf3 Nf6 2. c4 g6 3. Nc3 Bg7 4. e4 d6 5. d4 O-O 6. Be2 e5 7. O-O exd4 8. Nxd4
Re8 9. f3 c6 10. Kh1 Nbd7 11. Be3 d5 12. cxd5 cxd5 13. Ndb5 dxe4 14. Nd6 Rf8
15. fxe4 Ne5 16. Bg5 h6 17. Bh4 Be6 18. Nxb7 Qxd1 19. Raxd1 Nfg4 20. Nc5 Rfb8
21. Nxe6 fxe6 22. Rb1 Ne3 23. Rfc1 N3c4 24. b3 Na3 25. Rb2 Rb7 26. Na4 Rd7 27.
Be1 Nd3 28. Bxd3 Rxd3 29. Re2 Rad8 30. g3 Rd1 31. Rxd1 Rxd1 32. Kg2 Nb5 33. Bf2
Bd4 34. Bxd4 Nxd4 35. Rf2 Rc1 36. Rd2 e5 37. Nb2 Re1 38. Nc4 Rxe4 39. Nxe5 Rxe5
40. Rxd4 Re2+ 41. Kh3 Rxa2 42. Rd7 Ra3 43. Rb7 a5 1/2-1/2

[Event "Copenhagen Ch"]
[Site "Copenhagen"]
[Date "1991.??.??"]
[Round "3"]
[White "Bang, Andreas"]
[Black "Hansen, Mads Smith"]
[Result "1-0"]
[WhiteElo "2340"]
[BlackElo "2345"]
[PlyCount "41"]
[EventDate "1991.??.??"]
[EventType "tourn"]
[EventRounds "9"]
[EventCountry "DEN"]
[EventCategory "3"]

1. Nf3 d6 2. d4 Nf6 3. c4 Nbd7 4. Nc3 c6 5. e4 e5 6. Be2 Be7 7. O-O O-O 8. Qc2
Qe8 9. Be3 Bd8 10. b4 Ng4 11. Bd2 exd4 12. Nxd4 Nxh2 13. Rfd1 Nf6 14. Kxh2 Qe5+
15. Kg1 Qxd4 16. Bf4 Qb6 17. Bxd6 Re8 18. Na4 Qa6 19. e5 Bg4 20. Nc5 Qa3 21.
Rab1 1-0

[Event "Copenhagen Ch"]
[Site "Copenhagen"]
[Date "1991.??.??"]
[Round "7"]
[White "Bang, Andreas"]
[Black "Sorensen, Torben"]
[Result "1/2-1/2"]
[WhiteElo "2340"]
[BlackElo "2290"]
[PlyCount "55"]
[EventDate "1991.??.??"]
[EventType "tourn"]
[EventRounds "9"]
[EventCountry "DEN"]
[EventCategory "3"]

1. c4 c5 2. Nf3 e6 3. g3 b6 4. Bg2 Bb7 5. Nc3 d6 6. O-O a6 7. d4 cxd4 8. Qxd4
Nf6 9. Rd1 Nbd7 10. Ng5 Bxg2 11. Kxg2 Rc8 12. Nge4 Rc6 13. Bf4 Nxe4 14. Qxe4
Qc8 15. Nd5 Nf6 16. Nxf6+ gxf6 17. b3 Be7 18. Rd2 f5 19. Qf3 e5 20. Be3 h5 21.
h4 Rg8 22. Bg5 Bxg5 23. hxg5 Rxg5 24. Rh1 b5 25. cxb5 axb5 26. Rxh5 Rxh5 27.
Qxh5 Ke7 28. f4 1/2-1/2

[Event "Copenhagen Ch"]
[Site "Copenhagen"]
[Date "1991.??.??"]
[Round "1"]
[White "Bang, Andreas"]
[Black "Clausen, Steen"]
[Result "0-1"]
[WhiteElo "2340"]
[BlackElo "2250"]
[PlyCount "70"]
[EventDate "1991.??.??"]
[EventType "tourn"]
[EventRounds "9"]
[EventCountry "DEN"]
[EventCategory "3"]

1. Nf3 d5 2. c4 dxc4 3. Qa4+ Nc6 4. Qxc4 e5 5. Nc3 a6 6. d3 Be6 7. Qa4 b5 8.
Qc2 Qd7 9. e3 f6 10. Be2 Nb4 11. Qb1 Bf5 12. e4 Bg4 13. a3 Bxf3 14. gxf3 Nc6
15. Rg1 Nd4 16. b4 Ne7 17. Be3 Rd8 18. a4 Nec6 19. Nd5 Bxb4+ 20. Kd1 Bd6 21.
axb5 axb5 22. Qa2 Nb4 23. Nxb4 Bxb4 24. Bxd4 exd4 25. f4 Qf7 26. Qb2 c5 27. Ra6
O-O 28. Bg4 Kh8 29. Kc2 Qb7 30. Rga1 Bc3 31. Qa2 Bxa1 32. Qxa1 Ra8 33. Rxa8
Rxa8 34. Qb2 Qa6 35. Be6 Qxe6 0-1

[Event "Copenhagen Ch"]
[Site "Copenhagen"]
[Date "1991.??.??"]
[Round "5"]
[White "Bang, Andreas"]
[Black "Fries Nielsen, Niels Jorgen"]
[Result "0-1"]
[WhiteElo "2340"]
[BlackElo "2365"]
[PlyCount "80"]
[EventDate "1991.??.??"]
[EventType "tourn"]
[EventRounds "9"]
[EventCountry "DEN"]
[EventCategory "3"]

1. Nf3 Nf6 2. c4 e6 3. Nc3 Bb4 4. g3 O-O 5. Bg2 d5 6. a3 Bxc3 7. dxc3 c6 8. O-O
Nbd7 9. cxd5 exd5 10. Qc2 Nb6 11. Be3 Re8 12. Rad1 Rxe3 13. fxe3 Nc4 14. Qc1
Qe7 15. Rd4 Nxe3 16. Re1 Bd7 17. Bh1 Re8 18. Nd2 Nf5 19. Rd3 Qc5+ 20. e3 Ng4
21. Nf1 h5 22. h3 Ne5 23. Rd2 Nd6 24. Kh2 Bf5 25. Qd1 Ne4 26. Rd4 h4 27. g4 Bg6
28. Bxe4 dxe4 29. Nd2 Nd3 30. Re2 Qe5+ 31. Kh1 c5 32. Rd7 b5 33. Nf1 a6 34. a4
Qe6 35. Ra7 Qb6 36. Rd7 Qc6 37. Ra7 bxa4 38. c4 Rd8 39. Qc2 Qb6 40. Re7 Qf6 0-1

[Event "Copenhagen Ch"]
[Site "Copenhagen"]
[Date "1991.??.??"]
[Round "6"]
[White "Bjerring, Kai"]
[Black "Bang, Andreas"]
[Result "1-0"]
[WhiteElo "2330"]
[BlackElo "2340"]
[PlyCount "121"]
[EventDate "1991.??.??"]
[EventType "tourn"]
[EventRounds "9"]
[EventCountry "DEN"]
[EventCategory "3"]

1. d4 d5 2. c4 c6 3. Nf3 Nf6 4. Nc3 dxc4 5. a4 Bf5 6. e3 e6 7. Bxc4 Bb4 8. O-O
O-O 9. Ne5 Nbd7 10. Qe2 Bg6 11. Nd3 a5 12. Rd1 Qe7 13. f3 Bxd3 14. Bxd3 e5 15.
dxe5 Nxe5 16. Bc2 Rfd8 17. e4 Rxd1+ 18. Nxd1 Rd8 19. Ne3 g6 20. Nf1 Qc5+ 21.
Be3 Qc4 22. Bd1 Nd3 23. Nd2 Qe6 24. Bb3 Qe7 25. Nc4 Bc5 26. Rd1 Nf4 27. Rxd8+
Qxd8 28. Qe1 Nd3 29. Qd2 Bxe3+ 30. Nxe3 Qd7 31. Qc3 Qd6 32. Bc2 Ne5 33. Qxa5
Qd4 34. Qc3 Qxc3 35. bxc3 Ned7 36. Kf2 Nc5 37. Nc4 Nfd7 38. Ke3 Kf8 39. f4 Ke7
40. g4 f6 41. h4 h6 42. e5 g5 43. exf6+ Nxf6 44. fxg5 hxg5 45. hxg5 Nd5+ 46.
Kd2 Nxa4 47. Bxa4 b5 48. Bb3 bxc4 49. Bxc4 Nb6 50. Bb3 c5 51. Ke3 Kf8 52. g6
Kg7 53. Bf7 Na4 54. c4 Kf6 55. Kf3 Nc3 56. Be8 Nd1 57. Kf4 Nb2 58. Bf7 Na4 59.
Kg3 Nb2 60. Kh4 Nd3 61. Kh5 1-0

[Event "Copenhagen Ch"]
[Site "Copenhagen"]
[Date "1991.??.??"]
[Round "3"]
[White "Bjerring, Kai"]
[Black "Larsen, Steen Skovlund"]
[Result "1/2-1/2"]
[WhiteElo "2330"]
[BlackElo "2295"]
[PlyCount "24"]
[EventDate "1991.??.??"]
[EventType "tourn"]
[EventRounds "9"]
[EventCountry "DEN"]
[EventCategory "3"]

1. e4 c5 2. Nf3 Nc6 3. Nc3 d6 4. d4 cxd4 5. Nxd4 Nf6 6. Bg5 e6 7. Qd2 Be7 8.
O-O-O O-O 9. f4 Nxd4 10. Qxd4 Qa5 11. a3 Bd7 12. Qb4 Qxb4 1/2-1/2

[Event "Copenhagen Ch"]
[Site "Copenhagen"]
[Date "1991.??.??"]
[Round "8"]
[White "Bjerring, Kai"]
[Black "Thuesen, Mogens"]
[Result "0-1"]
[WhiteElo "2330"]
[BlackElo "2250"]
[PlyCount "52"]
[EventDate "1991.??.??"]
[EventType "tourn"]
[EventRounds "9"]
[EventCountry "DEN"]
[EventCategory "3"]

1. e4 c5 2. Nf3 e6 3. Nc3 Nc6 4. d4 cxd4 5. Nxd4 Qc7 6. Be3 a6 7. Be2 b5 8.
Nxc6 Qxc6 9. Bf3 Bb7 10. O-O Ne7 11. Re1 Ng6 12. Qd4 Nh4 13. Bg4 Be7 14. Bg5
Bxg5 15. Qxg7 Ng6 16. Nd5 O-O-O 17. Nb4 Qc4 18. Nd3 f5 19. b3 Qc6 20. Bf3 Nh4
21. Qd4 Rhg8 22. Kf1 Nxf3 23. gxf3 Bd2 24. Ne5 Qc3 25. Qd6 Bxe1 26. Rxe1 Rg1+
0-1

[Event "Copenhagen Ch"]
[Site "Copenhagen"]
[Date "1991.??.??"]
[Round "1"]
[White "Bjerring, Kai"]
[Black "Hamann, Svend"]
[Result "1/2-1/2"]
[WhiteElo "2330"]
[BlackElo "2380"]
[PlyCount "52"]
[EventDate "1991.??.??"]
[EventType "tourn"]
[EventRounds "9"]
[EventCountry "DEN"]
[EventCategory "3"]

1. d4 Nf6 2. c4 e6 3. Nc3 Bb4 4. Bg5 c5 5. d5 h6 6. Bh4 g5 7. Bg3 Ne4 8. Qc2 f5
9. f3 Nxg3 10. hxg3 Qf6 11. e3 Bxc3+ 12. bxc3 d6 13. f4 Nd7 14. Nf3 gxf4 15.
gxf4 Nb6 16. Nd2 exd5 17. cxd5 Nxd5 18. Nc4 b5 19. O-O-O Qe6 20. Nxd6+ Qxd6 21.
Bxb5+ Ke7 22. c4 Nb4 23. Qb2 Qf6 24. Qxf6+ Kxf6 25. a3 a6 26. Bd7 Ke7 1/2-1/2

[Event "Copenhagen Ch"]
[Site "Copenhagen"]
[Date "1991.??.??"]
[Round "3"]
[White "Clausen, Steen"]
[Black "Thuesen, Mogens"]
[Result "1-0"]
[WhiteElo "2250"]
[BlackElo "2250"]
[PlyCount "53"]
[EventDate "1991.??.??"]
[EventType "tourn"]
[EventRounds "9"]
[EventCountry "DEN"]
[EventCategory "3"]

1. d4 Nf6 2. Nf3 e6 3. c4 a6 4. Nc3 c5 5. g3 cxd4 6. Nxd4 Qc7 7. Bg2 Qxc4 8.
O-O Qc7 9. e4 d6 10. Bg5 Bd7 11. Rc1 Qa5 12. Nd5 exd5 13. exd5 Be7 14. Re1 Kf8
15. Qe2 Qd8 16. Rc3 h6 17. Re3 hxg5 18. Rxe7 g6 19. Qe3 Kg7 20. Qxg5 Rh5 21.
Qf4 Bf5 22. Bf3 Nbd7 23. Bxh5 Ne5 24. Nxf5+ gxf5 25. Qg5+ Kf8 26. R1xe5 dxe5
27. Rxf7+ 1-0

[Event "Copenhagen Ch"]
[Site "Copenhagen"]
[Date "1991.??.??"]
[Round "9"]
[White "Clausen, Steen"]
[Black "Danielsen, Henrik"]
[Result "0-1"]
[WhiteElo "2250"]
[BlackElo "2375"]
[PlyCount "68"]
[EventDate "1991.??.??"]
[EventType "tourn"]
[EventRounds "9"]
[EventCountry "DEN"]
[EventCategory "3"]

1. c4 Nf6 2. g3 e6 3. Bg2 d5 4. d4 dxc4 5. Nf3 a6 6. O-O Be7 7. Qc2 O-O 8. Qxc4
b5 9. Qc2 Bb7 10. Rd1 Nbd7 11. Ne5 Bxg2 12. Kxg2 Nxe5 13. dxe5 Nd7 14. Nd2 Nxe5
15. Ne4 Bd6 16. Ng5 Ng6 17. h4 Re8 18. Nxh7 Kxh7 19. h5 Qf6 20. hxg6+ Qxg6 21.
Rh1+ Kg8 22. Qxg6 fxg6 23. Bg5 Be5 24. Rac1 Bxb2 25. Rxc7 b4 26. Rd1 a5 27. Bc1
Be5 28. Rb7 Reb8 29. Rxb8+ Rxb8 30. Kf3 a4 31. Ke4 Bf6 32. Bf4 Rb5 33. Rb1 b3
34. axb3 a3 0-1

[Event "Copenhagen Ch"]
[Site "Copenhagen"]
[Date "1991.??.??"]
[Round "7"]
[White "Clausen, Steen"]
[Black "Bjerring, Kai"]
[Result "1/2-1/2"]
[WhiteElo "2250"]
[BlackElo "2330"]
[PlyCount "42"]
[EventDate "1991.??.??"]
[EventType "tourn"]
[EventRounds "9"]
[EventCountry "DEN"]
[EventCategory "3"]

1. d4 Nf6 2. c4 e6 3. Nf3 d5 4. Nc3 Bb4 5. a3 Bxc3+ 6. bxc3 Ne4 7. Nd2 Nxc3 8.
Qc2 Ne4 9. Nxe4 dxe4 10. Qxe4 c5 11. e3 O-O 12. Bd2 cxd4 13. exd4 Nc6 14. Bc3
e5 15. dxe5 Nxe5 16. Rd1 Nd7 17. Be2 Re8 18. Qg4 f6 19. O-O Qe7 20. Rfe1 Nf8
21. Qh5 Qf7 1/2-1/2

[Event "Copenhagen Ch"]
[Site "Copenhagen"]
[Date "1991.??.??"]
[Round "5"]
[White "Danielsen, Henrik"]
[Black "Bjerring, Kai"]
[Result "1/2-1/2"]
[WhiteElo "2375"]
[BlackElo "2330"]
[PlyCount "85"]
[EventDate "1991.??.??"]
[EventType "tourn"]
[EventRounds "9"]
[EventCountry "DEN"]
[EventCategory "3"]

1. g3 c5 2. Bg2 Nc6 3. e4 g6 4. f4 d6 5. Nf3 Bg7 6. O-O Nh6 7. c3 O-O 8. d3 f5
9. Nbd2 e6 10. Re1 Nf7 11. a4 Rb8 12. Nc4 a6 13. Be3 b5 14. axb5 axb5 15. Ncd2
Qc7 16. Bf2 Bd7 17. d4 cxd4 18. cxd4 Rfc8 19. d5 exd5 20. exf5 Bxf5 21. Nh4 Ne7
22. Nxf5 gxf5 23. Nb3 Bxb2 24. Ra7 Rb7 25. Rxb7 Qxb7 26. Qe2 Bf6 27. Qe6 Kg7
28. Nd4 b4 29. g4 Rc4 30. g5 Bxd4 31. Bxd4+ Rxd4 32. Qf6+ Kf8 33. Qxd4 b3 34.
h4 Qc7 35. Ra1 Nd8 36. Kh1 Qc4 37. Qf6+ Ke8 38. Re1 Ndc6 39. Qxf5 Ne5 40. Qxh7
Qxf4 41. Qh8+ Kd7 42. Bh3+ Ng4 43. Bxg4+ 1/2-1/2

[Event "Copenhagen Ch"]
[Site "Copenhagen"]
[Date "1991.??.??"]
[Round "7"]
[White "Danielsen, Henrik"]
[Black "Larsen, Steen Skovlund"]
[Result "1/2-1/2"]
[WhiteElo "2375"]
[BlackElo "2295"]
[PlyCount "93"]
[EventDate "1991.??.??"]
[EventType "tourn"]
[EventRounds "9"]
[EventCountry "DEN"]
[EventCategory "3"]

1. Nf3 Nf6 2. c4 g6 3. d4 Bg7 4. Nc3 O-O 5. Bg5 c6 6. e3 d5 7. Bd3 dxc4 8. Bxc4
Bg4 9. h3 Bxf3 10. Qxf3 Nbd7 11. O-O Qa5 12. Bh4 e5 13. Rad1 exd4 14. exd4 Qh5
15. Qxh5 Nxh5 16. Ne4 Nb6 17. Bb3 Nd5 18. Nd6 Nhf4 19. Rfe1 b6 20. Be7 Rfb8 21.
Nc4 Re8 22. Bg5 Ne2+ 23. Kf1 Nxd4 24. Rxe8+ Rxe8 25. Nd6 Re6 26. Bxd5 Rxd6 27.
Be4 c5 28. Bf4 Rd8 29. b3 Bf6 30. Bc7 Re8 31. Bd5 Kg7 32. a4 Rc8 33. Bf4 Rd8
34. Bc4 Re8 35. Be3 h5 36. Bxd4 Bxd4 37. Re1 Rxe1+ 38. Kxe1 h4 39. Ke2 f5 40.
f4 Kf6 41. Kf3 Bc3 42. Ba6 Be1 43. Bb5 Bd2 44. Bc4 g5 45. fxg5+ Bxg5 46. Ke2
Ke5 47. Kd3 1/2-1/2

[Event "Copenhagen Ch"]
[Site "Copenhagen"]
[Date "1991.??.??"]
[Round "8"]
[White "Danielsen, Henrik"]
[Black "Bang, Andreas"]
[Result "1-0"]
[WhiteElo "2375"]
[BlackElo "2340"]
[PlyCount "95"]
[EventDate "1991.??.??"]
[EventType "tourn"]
[EventRounds "9"]
[EventCountry "DEN"]
[EventCategory "3"]

1. c4 c6 2. Nc3 d5 3. d4 Nf6 4. e3 a6 5. Bd3 b5 6. b3 Bg4 7. Nge2 Bh5 8. O-O e6
9. f3 Bg6 10. Nf4 Bxd3 11. Nxd3 Be7 12. c5 a5 13. b4 a4 14. Qe2 O-O 15. Kh1 Na6
16. Bd2 Nd7 17. Be1 Bf6 18. Bg3 Re8 19. f4 g6 20. Nb1 Bg7 21. Nd2 f6 22. Nf3
Nab8 23. h3 Nf8 24. Bh4 Nbd7 25. g4 Qc8 26. Qh2 Ra7 27. Rae1 f5 28. Rg1 Nf6 29.
Bxf6 Bxf6 30. Re2 Nd7 31. gxf5 exf5 32. h4 Nf8 33. h5 Rg7 34. Nde5 Re6 35. Reg2
Qe8 36. Qh3 Bxe5 37. dxe5 Ree7 38. Rh2 Ne6 39. hxg6 hxg6 40. Qh8+ Kf7 41. Qh4
Qg8 42. Qf6+ Ke8 43. Rh6 d4 44. Nxd4 Nxd4 45. exd4 Qd5+ 46. Rg2 Rg8 47. Qd6 Qf3
48. e6 1-0

[Event "Copenhagen Ch"]
[Site "Copenhagen"]
[Date "1991.??.??"]
[Round "3"]
[White "Danielsen, Henrik"]
[Black "Hamann, Svend"]
[Result "1-0"]
[WhiteElo "2375"]
[BlackElo "2380"]
[PlyCount "131"]
[EventDate "1991.??.??"]
[EventType "tourn"]
[EventRounds "9"]
[EventCountry "DEN"]
[EventCategory "3"]

1. d4 Nf6 2. Nf3 e6 3. c4 b6 4. g3 Bb7 5. Bg2 Bb4+ 6. Bd2 Qe7 7. O-O Bxd2 8.
Qxd2 d6 9. Qc2 Nbd7 10. Nc3 O-O 11. e4 e5 12. d5 c6 13. b4 Rfc8 14. Nd2 a6 15.
Rfc1 cxd5 16. cxd5 Rc7 17. Qb2 Rac8 18. Nd1 b5 19. Bh3 Kf8 20. Ne3 g6 21. f3
Qd8 22. Nb3 Rxc1+ 23. Rxc1 Qb6 24. Rxc8+ Bxc8 25. Qc1 Bb7 26. Na5 Kg7 27. Kg2
Nf8 28. Nc6 Qc7 29. Qc2 Bc8 30. Bxc8 Qxc8 31. a4 N8d7 32. axb5 axb5 33. Na5 Qa6
34. Nd1 Ne8 35. Qc6 Qxc6 36. Nxc6 Nc7 37. Nc3 Nb6 38. Na7 Na6 39. Ncxb5 Nxb4
40. Nxd6 f6 41. Nc6 Nd3 42. Kf1 h5 43. Ke2 Nc5 44. Ke3 h4 45. gxh4 Kh6 46. Ne8
Nc4+ 47. Kf2 f5 48. exf5 gxf5 49. Ne7 e4 50. Nxf5+ Kg6 51. Ned6 Nd3+ 52. Kf1
Nxd6 53. Nxd6 exf3 54. Ne4 Kf5 55. h5 Ne5 56. d6 Kxe4 57. h6 Ke3 58. d7 Ng4 59.
d8=Q Nxh2+ 60. Kg1 f2+ 61. Kxh2 f1=Q 62. Qg5+ Ke4 63. h7 Qf8 64. Qh4+ Kf3 65.
Qh5+ Kf2 66. Qh4+ 1-0

[Event "Copenhagen Ch"]
[Site "Copenhagen"]
[Date "1991.??.??"]
[Round "1"]
[White "Danielsen, Henrik"]
[Black "Thuesen, Mogens"]
[Result "1-0"]
[WhiteElo "2375"]
[BlackElo "2250"]
[PlyCount "81"]
[EventDate "1991.??.??"]
[EventType "tourn"]
[EventRounds "9"]
[EventCountry "DEN"]
[EventCategory "3"]

1. Nf3 f5 2. g3 Nf6 3. Bg2 g6 4. O-O Bg7 5. d4 O-O 6. b3 d6 7. Bb2 c6 8. Nbd2
a5 9. c4 e5 10. dxe5 Nfd7 11. Ba3 Nxe5 12. Nxe5 Bxe5 13. Rc1 a4 14. Nf3 axb3
15. Qxb3 Bg7 16. Rfd1 Rf6 17. Rc2 Qe7 18. Rcd2 c5 19. Ng5 h6 20. Bd5+ Kh8 21.
Nh3 g5 22. Bb2 Rg6 23. f4 Nc6 24. Bxg7+ Kxg7 25. e3 Kh7 26. a3 Na5 27. Qc3 Be6
28. Nf2 Ra6 29. fxg5 hxg5 30. e4 Nc6 31. Bxc6 Rxc6 32. exf5 Bxf5 33. Qf3 Bc8
34. Re2 Qf6 35. Qh5+ Rh6 36. Qe8 Be6 37. Ng4 Bxg4 38. Re7+ Qg7 39. Rf1 Rc7 40.
Rxg7+ Rxg7 41. Qe4+ 1-0

[Event "Copenhagen Ch"]
[Site "Copenhagen"]
[Date "1991.??.??"]
[Round "4"]
[White "Hamann, Svend"]
[Black "Bang, Andreas"]
[Result "1/2-1/2"]
[WhiteElo "2380"]
[BlackElo "2340"]
[PlyCount "59"]
[EventDate "1991.??.??"]
[EventType "tourn"]
[EventRounds "9"]
[EventCountry "DEN"]
[EventCategory "3"]

1. Nf3 d5 2. g3 Bg4 3. Bg2 Nd7 4. O-O c6 5. d3 Ngf6 6. Nbd2 e5 7. e4 Bd6 8. h3
Bh5 9. Qe1 O-O 10. Nh4 Re8 11. Nf5 Bf8 12. Nf3 dxe4 13. dxe4 Nc5 14. N3h4 Qb6
15. b3 a5 16. Be3 Qa6 17. f3 a4 18. Qc3 Nfd7 19. b4 Ne6 20. Rfd1 Red8 21. Bf1
b5 22. g4 Bg6 23. Rab1 f6 24. Nxg6 hxg6 25. Nh4 Kf7 26. a3 Be7 27. Qb2 Nb6 28.
c3 Rxd1 29. Rxd1 Rd8 30. Rxd8 1/2-1/2

[Event "Copenhagen Ch"]
[Site "Copenhagen"]
[Date "1991.??.??"]
[Round "6"]
[White "Hamann, Svend"]
[Black "Thuesen, Mogens"]
[Result "1-0"]
[WhiteElo "2380"]
[BlackElo "2250"]
[PlyCount "111"]
[EventDate "1991.??.??"]
[EventType "tourn"]
[EventRounds "9"]
[EventCountry "DEN"]
[EventCategory "3"]

1. c4 f5 2. d4 Nf6 3. g3 g6 4. Bg2 Bg7 5. Nc3 O-O 6. Nh3 d6 7. d5 Na6 8. Nf4
Qe8 9. h4 Bd7 10. h5 g5 11. Ne6 Bxe6 12. dxe6 h6 13. Bxb7 Rb8 14. Bf3 Nc5 15.
Nb5 c6 16. Nd4 Nfe4 17. e3 Rb6 18. Qc2 d5 19. b3 Nxe6 20. Nxe6 Bxa1 21. Nxf8
Qxf8 22. O-O Qf6 23. cxd5 cxd5 24. Qc8+ Kf7 25. Qd7 Qe6 26. Qxe6+ Kxe6 27. g4
Bc3 28. Rd1 fxg4 29. Bxg4+ Kd6 30. Bf3 Ke5 31. Ba3 Rb7 32. Kg2 a5 33. Rc1 Bb4
34. Bb2+ Kf5 35. Rc6 e6 36. Rc8 Rf7 37. Be2 g4 38. Rg8 Ng5 39. Bd3+ Ne4 40. Rg6
Bf8 41. Bh8 Be7 42. Bd4 Bh4 43. f3 gxf3+ 44. Kxf3 Bg5 45. Rg7 Rf8 46. Bc5 Rc8
47. Bd4 e5 48. Bb2 Kf6 49. Rg6+ Kf5 50. Rd6 Rc5 51. Rxd5 Rxd5 52. Bxe4+ Ke6 53.
Bxd5+ Kxd5 54. e4+ Ke6 55. Bc3 Bd8 56. Bd2 1-0

[Event "Copenhagen Ch"]
[Site "Copenhagen"]
[Date "1991.??.??"]
[Round "2"]
[White "Hamann, Svend"]
[Black "Sorensen, Torben"]
[Result "1-0"]
[WhiteElo "2380"]
[BlackElo "2290"]
[PlyCount "99"]
[EventDate "1991.??.??"]
[EventType "tourn"]
[EventRounds "9"]
[EventCountry "DEN"]
[EventCategory "3"]

1. d4 Nf6 2. c4 g6 3. Nc3 d5 4. Nf3 Bg7 5. Qb3 dxc4 6. Qxc4 O-O 7. e4 Bg4 8.
Be3 Nfd7 9. Rd1 Nb6 10. Qb3 Nc6 11. d5 Ne5 12. Be2 Nxf3+ 13. gxf3 Bh5 14. a4
Nd7 15. f4 Bxe2 16. Nxe2 Nf6 17. f3 Qd7 18. Ng3 c6 19. dxc6 Qxc6 20. O-O Rfc8
21. e5 Nd7 22. Ne4 Nb6 23. Rd4 Nc4 24. Rc1 Qb6 25. Qxb6 Nxb6 26. Rxc8+ Rxc8 27.
b3 e6 28. Rd6 Nd5 29. Bxa7 h6 30. Rd7 b6 31. Rb7 Rc1+ 32. Kf2 Rc2+ 33. Ke1 Rb2
34. Bxb6 Rxb3 35. a5 Bf8 36. Nd6 g5 37. fxg5 hxg5 38. Bd8 Ra3 39. Kf2 f6 40.
Ne4 fxe5 41. Kg3 Ra2 42. Kg4 Bb4 43. Nf6+ Nxf6+ 44. Bxf6 Bxa5 45. Kh5 Kf8 46.
Kg6 Ke8 47. Re7+ Kd8 48. Ra7+ Kc8 49. Bxe5 Ra3 50. Bc7 1-0

[Event "Copenhagen Ch"]
[Site "Copenhagen"]
[Date "1991.??.??"]
[Round "9"]
[White "Hamann, Svend"]
[Black "Fries Nielsen, Niels Jorgen"]
[Result "1/2-1/2"]
[WhiteElo "2380"]
[BlackElo "2365"]
[PlyCount "82"]
[EventDate "1991.??.??"]
[EventType "tourn"]
[EventRounds "9"]
[EventCountry "DEN"]
[EventCategory "3"]

1. d4 Nf6 2. Nf3 e6 3. Bf4 c5 4. e3 Qb6 5. Qc1 Nc6 6. c3 Nh5 7. Bg5 h6 8. Bh4
g5 9. Bg3 g4 10. Nfd2 d5 11. Bh4 e5 12. dxc5 Bxc5 13. Nb3 Be7 14. Bxe7 Kxe7 15.
Be2 Nf6 16. O-O Be6 17. c4 Rac8 18. c5 Qc7 19. N1d2 h5 20. Qc3 Rhg8 21. Bb5 h4
22. Bxc6 bxc6 23. Rae1 Nd7 24. Na5 e4 25. Kh1 Ne5 26. Rg1 g3 27. f3 Nd3 28.
Rgf1 Bh3 29. Re2 Bxg2+ 30. Rxg2 h3 31. Rxg3 Rxg3 32. fxe4 Rg2 33. Qf6+ Kf8 34.
Qh6+ Kg8 35. Qxh3 Nf2+ 36. Rxf2 Rxf2 37. Nxc6 Rxh2+ 38. Qxh2 Qxh2+ 39. Kxh2
Rxc6 40. Nb3 dxe4 41. Kg3 Kf8 1/2-1/2

[Event "Copenhagen Ch"]
[Site "Copenhagen"]
[Date "1991.??.??"]
[Round "9"]
[White "Hansen, Mads Smith"]
[Black "Bjerring, Kai"]
[Result "1-0"]
[WhiteElo "2345"]
[BlackElo "2330"]
[PlyCount "83"]
[EventDate "1991.??.??"]
[EventType "tourn"]
[EventRounds "9"]
[EventCountry "DEN"]
[EventCategory "3"]

1. e4 c5 2. Nf3 Nc6 3. d4 cxd4 4. Nxd4 Nf6 5. Nc3 d6 6. Bc4 Qb6 7. Nb3 e6 8.
O-O a6 9. Bg5 Be7 10. Kh1 Na5 11. Bd3 Qc7 12. f4 h6 13. Bh4 Nc4 14. Bxc4 Qxc4
15. Bxf6 gxf6 16. Qh5 b5 17. a3 Ra7 18. f5 e5 19. Rfd1 a5 20. Qf3 Bb7 21. Qd3
Qxd3 22. Rxd3 Bc6 23. Nd5 Rg8 24. c3 h5 25. Nd2 Kf8 26. g3 Bd8 27. Kg2 Rb7 28.
Kf3 Bxd5 29. Rxd5 Be7 30. a4 bxa4 31. Nc4 h4 32. Rxa4 hxg3 33. hxg3 Rh8 34.
Rdxa5 Kg7 35. Ra7 Rhb8 36. b4 d5 37. exd5 Rxa7 38. Rxa7 Rc8 39. Ne3 Bf8 40. Ra3
Kh6 41. Rb3 Kg5 42. c4 1-0

[Event "Copenhagen Ch"]
[Site "Copenhagen"]
[Date "1991.??.??"]
[Round "7"]
[White "Hansen, Mads Smith"]
[Black "Hamann, Svend"]
[Result "1-0"]
[WhiteElo "2345"]
[BlackElo "2380"]
[PlyCount "57"]
[EventDate "1991.??.??"]
[EventType "tourn"]
[EventRounds "9"]
[EventCountry "DEN"]
[EventCategory "3"]

1. e4 c5 2. Nf3 d6 3. d4 cxd4 4. Nxd4 Nf6 5. Nc3 a6 6. Bg5 e6 7. f4 Be7 8. Qf3
Qc7 9. O-O-O Nbd7 10. g4 b5 11. Bxf6 Nxf6 12. g5 Nd7 13. f5 Ne5 14. Qg3 b4 15.
Nce2 exf5 16. exf5 Bb7 17. Bg2 d5 18. f6 gxf6 19. gxf6 Bxf6 20. Rhf1 Qb6 21.
Bh3 Ng6 22. Qe3+ Be5 23. Nf4 f6 24. Nh5 O-O 25. Qh6 f5 26. Nxf5 Kh8 27. Ne7
Rxf1 28. Rxf1 Qd6 29. Rf7 1-0

[Event "Copenhagen Ch"]
[Site "Copenhagen"]
[Date "1991.??.??"]
[Round "2"]
[White "Hansen, Mads Smith"]
[Black "Danielsen, Henrik"]
[Result "1/2-1/2"]
[WhiteElo "2345"]
[BlackElo "2375"]
[PlyCount "46"]
[EventDate "1991.??.??"]
[EventType "tourn"]
[EventRounds "9"]
[EventCountry "DEN"]
[EventCategory "3"]

1. e4 c6 2. d4 d5 3. Nc3 dxe4 4. Nxe4 Bf5 5. Ng3 Bg6 6. h4 h6 7. Nf3 Nd7 8. h5
Bh7 9. Bd3 Bxd3 10. Qxd3 e6 11. Bd2 Ngf6 12. O-O-O Be7 13. Qe2 O-O 14. Ne5 Rc8
15. Rhe1 c5 16. Ng6 cxd4 17. Nxf8 Bxf8 18. Kb1 Qb6 19. Qd3 Nd5 20. Ne2 e5 21.
f4 Nb4 22. Qf5 Nxc2 23. Qxd7 Na3+ 1/2-1/2

[Event "Copenhagen Ch"]
[Site "Copenhagen"]
[Date "1991.??.??"]
[Round "2"]
[White "Larsen, Steen Skovlund"]
[Black "Clausen, Steen"]
[Result "1-0"]
[WhiteElo "2295"]
[BlackElo "2250"]
[PlyCount "125"]
[EventDate "1991.??.??"]
[EventType "tourn"]
[EventRounds "9"]
[EventCountry "DEN"]
[EventCategory "3"]

1. d4 d5 2. c4 dxc4 3. Nf3 Nf6 4. Nc3 c6 5. a4 Bf5 6. e3 e6 7. Bxc4 Bb4 8. O-O
O-O 9. Qe2 Nbd7 10. e4 Bg4 11. e5 Nd5 12. Ne4 f6 13. exf6 N7xf6 14. h3 Bxf3 15.
Qxf3 Nxe4 16. Qxe4 Qd6 17. Bd3 g6 18. Bg5 Rae8 19. Rad1 Ba5 20. g3 Bd8 21. Bh6
Rf5 22. Qg4 Nf6 23. Qe2 Rh5 24. Bf4 Qd7 25. h4 Nd5 26. Be5 Bf6 27. f4 Qe7 28.
Kg2 Qb4 29. Be4 Qxa4 30. Ra1 Qb4 31. Qf2 Rf8 32. Bf3 Rf5 33. Bg4 Bxe5 34. dxe5
Nxf4+ 35. gxf4 Rxf4 36. Bxe6+ Kg7 37. Qe2 Rxf1 38. Rxf1 Rxf1 39. Kxf1 Qf4+ 40.
Qf2 Qc1+ 41. Kg2 Qb1 42. Qe2 Kf8 43. Qf3+ Kg7 44. Qe2 Kf8 45. Bc8 b5 46. Bd7
Ke7 47. Bxc6 b4 48. Qd2 Qf5 49. Qxb4+ Kf7 50. Bd5+ Kg7 51. Qe4 Qf8 52. Qd4 Kh6
53. Qe3+ Kg7 54. Qxa7+ Kh6 55. Qe3+ Kg7 56. Qd4 Qf5 57. Qe4 Qf8 58. b4 h5 59.
Qd4 Qc8 60. e6+ Kh7 61. Qa7+ Kh6 62. Qe3+ Kh7 63. Bf3 1-0